000 01328nam0a22003251 4500
001 rc\44806
005 20021216124759.7
010 _a5-210-02459-8
_930000
035 _a(NLR Aleph) 005325546
090 _a6535129
_c6535129
100 _a20021216d1991 u |0rusy50 ca
101 0 _arus
102 _aRU
105 _ay |||||||||
200 1 _aДекабристы
_eЭстетика и критика
_eСборник
_fСост. и примеч. Л.Г. Фризмана
_gПодгот. текста и вступ. ст., с. 10-34, Г.Г. Назарьяна, Л.Г. Фризмана]
210 _aМ.
_cИскусство
_d1991
215 _a490, [1] с.
_d22
225 1 _aИстория эстетики в памятниках и документах
320 _aБиблиогр. в примеч.: с. 434-471
320 _aУказ. имен.: с. 472-491
327 1 _aСодерж.: Авт.: А.А. Бестужев, В.К. Кюхельбекер, К.Ф. Рылеев
464 0 _1700#1$aБестужев$bА.А.
464 0 _1700#1$aКюхельбекер$bВ.К.
464 0 _1700#1$aРылеев$bК.Ф.
702 1 _aФризман
_bЛ. Г.
_gЛеонид Генрихович
_4220
801 0 _aRU
_bNLR
_gpsbo
801 1 _aRU
_bELAR
_2rusmarc
852 _aNLR
_j91-3/4607
942 _cBOOK
980 _aNB